000 00540nam a2200181Ia 4500
008 090123s9999 xx 000 0 und d
082 _b27542
_a891.463/इनाम
100 _aइनामदार सुनिल
245 _aसुनंदा
250 _a1
260 _bसानिया पब्लिकेशन
300 _a99
600 _aइनामदार सुनिल
630 _aसुनंदा
700 _aइनामदार सुनिल
730 _aसुनंदा
942 _cBOOK
999 _c65888
_d65888